[Event "GER-chT U14 Girls"]
[Site "Dittrichshuette"]
[Date "2008.12.27"]
[Round "1.2"]
[White "Tran, My Linh"]
[Black "Stoll, Vanessa"]
[Result "0-1"]
[WhiteElo "1759"]
[BlackElo "1103"]
[PlyCount "62"]
[EventDate "2008.12.27"]
[EventType "team-swiss"]
[EventRounds "7"]
[EventCountry "GER"]
[SourceTitle "EXT 2010"]
[Source "ChessBase"]
[SourceDate "2010.11.25"]
[SourceVersion "1"]
[SourceVersionDate "2010.11.25"]
[SourceQuality "1"]
[WhiteTeam "Rossdorf"]
[BlackTeam "Stadtilm Blau Weiss"]
[WhiteTeamCountry "GER"]
[BlackTeamCountry "GER"]

1. d4 d5 2. c4 c6 3. Nf3 Nf6 4. Bg5 Nbd7 5. Nc3 e6 6. Ne5 Be7 7. Nxd7 Bxd7 8. e3 0-0 9. Bd3 a6 10. c5 b6 11. b4 a5 12. a3 Bc8 13. 0-0 Ba6 14. Qe2 Bxd3 15. Qxd3 Qc7 16. f3 axb4 17. axb4 bxc5 18. bxc5 e5 19. dxe5 Qxe5 20. Bf4 Qe6 21. Qd4 Nd7 22. Na4 Bf6 23. Qd3 Bxa1 24. Rxa1 Nxc5 25. Qc2 Nxa4 26. Rxa4 Rxa4 27. Qxa4 c5 28. Qa1 c4 29. Qc3 h6 30. Bc7 Re8 31. Be5 g5 0-1

[Event "GER-chT U14 Girls"]
[Site "Dittrichshuette"]
[Date "2004.12.29"]
[Round "4.4"]
[White "Stoll, Vanessa"]
[Black "Starke, Sophia"]
[Result "1-0"]
[WhiteElo "871"]
[BlackElo "914"]
[PlyCount "51"]
[EventDate "2004.12.27"]
[EventType "team"]
[EventRounds "6"]
[EventCountry "GER"]
[SourceTitle "EXT 2006"]
[Source "ChessBase"]
[SourceDate "2005.11.24"]
[SourceVersion "1"]
[SourceVersionDate "2005.11.24"]
[SourceQuality "1"]

1. e4 e5 2. Bc4 Nf6 3. Nc3 Bc5 4. a3 0-0 5. Nge2 Nc6 6. 0-0 d6 7. h3 b6 8. d3 h6 9. Kh1 Bd7 10. f4 Qc8 11. f5 g6 12. Bxh6 Re8 13. fxg6 Bxh3 14. Bxf7+ Kh8 15. g7+ Kh7 16. Rxf6 Bxg2+ 17. Kxg2 Qg4+ 18. Kf1 Qh3+ 19. Ke1 Qh4+ 20. Rf2 Qxf2+ 21. Kd2 Qxf7 22. Qh1 Nd4 23. Be3+ Kxg7 24. Qh6+ Kg8 25. Rg1+ Qg7 26. Qxg7# 1-0